Chansons de Dire straits par image - Statistiques

Statistiques générales
  • Ce quiz a été pris 28 fois
  • Le résultat moyen est 4 sur 12
Statistiques - réponses
Par images Réponse % Correct
Romeo And Juliet
94%
Telegraph Road
78%
Communiqué
50%
Angel Of Mercy
44%
Once Upon A Time In The West
39%
Expresso Love
33%
Planet Of New Orleans
28%
Single Handed Sailor
22%
Iron Hand
17%
Ride Across The River
11%
The Man's Too Strong
11%
Water Of Love
11%
Aucun quiz correspondant
Distribution des résultats
% des personnes avec chaque résultat
Percentile par nombre de réponses
Votre historique - résultats
Vous n’avez pas pris ce quiz